000 00710cad a2200217Mi 4500
001 23957
005 20230410104005.0
008 060907s1983 dr g 000 0 spa d
041 _aspa
050 1 4 _aC965r 1983
100 1 _aCuello H., José Israel.
245 1 0 _a¿Que era la resistencia antitrujillista interna a la hora de la invación de Constanza, Maimón y Estero Hondo, el 14 de junio de 1959? / José Israel Cuello H.
260 _aSanto Domingo :
_bFundación Testimonio,
_c1983.
300 _a30 p.
440 0 _aBiblioteca Taller ;
_vno. 161
440 0 _aColección Testimonio ;
_vno. 1
650 4 _aCES.
650 4 _aColección Enriquillo Sánchez.
942 _2lcc
_cbk
946 _aPP
999 _c29855
_d29855